Vainqueurs du Grand Prix d'Autriche de Formule 1 - Statistiques

Statistiques générales
  • Ce quiz a été pris 355 fois
  • Le résultat moyen est 23 sur 35
Statistiques - réponses
Année Circuit Vainqueur Ecurie % Correct
2016 Spielberg Lewis Hamilton Mercedes
100%
2018 Spielberg Max Verstappen Red Bull-TAG Heuer
99%
2019 Spielberg Max Verstappen Red Bull-Honda
99%
2021 Spielberg Max Verstappen Red Bull-Honda
99%
2014 Spielberg Nico Rosberg Mercedes
98%
2015 Spielberg Nico Rosberg Mercedes
98%
2022 Spielberg Charles Leclerc Ferrari
97%
2002 Spielberg Michael Schumacher Ferrari
97%
2003 Spielberg Michael Schumacher Ferrari
97%
2017 Spielberg Valtteri Bottas Mercedes
97%
2020 Spielberg Valtteri Bottas Mercedes
97%
1983 Österreichring Alain Prost Renault
95%
1985 Österreichring Alain Prost McLaren-TAG Porsche
95%
1986 Österreichring Alain Prost McLaren-TAG Porsche
95%
1998 Spielberg Mika Häkkinen McLaren-Mercedes
82%
2000 Spielberg Mika Häkkinen McLaren-Mercedes
82%
1984 Österreichring Niki Lauda McLaren-TAG Porsche
80%
1997 Spielberg Jacques Villeneuve Williams-Renault
78%
2001 Spielberg David Coulthard McLaren-Mercedes
66%
1987 Österreichring Nigel Mansell Williams-Honda
64%
1999 Spielberg Eddie Irvine Ferrari
55%
1972 Österreichring Emerson Fittipaldi Lotus-Ford
55%
1977 Österreichring Alan Jones Shadow-Fird
46%
1979 Österreichring Alan Jones Williams-Ford
46%
1970 Österreichring Jacky Ickx Ferrari
39%
1981 Österreichring Jacques Laffite Ligier-Matra
39%
1973 Österreichring Ronnie Peterson Lotus-Ford
31%
1978 Österreichring Ronnie Peterson Lotus-Ford
31%
1980 Österreichring Jean-Pierre Jabouille Renault
30%
1974 Österreichring Carlos Reutemann Brabham-Ford
28%
1982 Österreichring Elio de Angelis Lotus-Ford
18%
1976 Österreichring John Watson Penske-Ford
13%
1971 Österreichring Jo Siffert BRM
9%
1964 Zeltweg Lorenzo Bandini Ferrari
9%
1975 Österreichring Vittorio Brambilla March-Ford
8%
Aucun quiz correspondant
Distribution des résultats
% des personnes avec chaque résultat
Percentile par nombre de réponses
Votre historique - résultats
Vous n’avez pas pris ce quiz